LA CONCERTACION SOCIAL DESDE LA EXPERIENCIA DE LA FUNDACION PARA EL APOYO DE LA COMUNIDAD /

Gespeichert in:
Bibliographische Detailangaben
1. Verfasser: Arredondo Ramírez, Vicente (autor)
Format: Buch
Schriftenreihe:CUADERNOS DE DIVULGACION Y ANALISIS ; 4
Schlagworte:
Tags: Tag hinzufügen
Keine Tags, Fügen Sie das erste Tag hinzu!

MARC

LEADER 00000nam^a2200000^a^4500
001 000242844
005 20250521000000.0
009 20260310105309.704
035 |a 055861 
037 |a Acervo Xavier Clavigero 
082 |a 361. 7  |b ARR 
100 |a Arredondo Ramírez, Vicente  |e (autor) 
245 1 3 |a LA CONCERTACION SOCIAL DESDE LA EXPERIENCIA DE LA FUNDACION PARA EL APOYO DE LA COMUNIDAD /  |c VICENTE ARREDONDO RAMIREZ 
264 |a MEXICO :  |b FUNDACION PARA EL APOYO DE LA COMUNIDAD,  |c 1993 
300 |a 57 p. 
336 |a texto  |b txt  |2 rdacontenido 
337 |a sin mediación  |b n  |2 rdamedio 
338 |a volumen  |b nc  |2 rdasoporte 
440 |a CUADERNOS DE DIVULGACION Y ANALISIS ;  |v 4 
649 |a XX 
650 |a Centros de Asistencia Social 
910 |a Fondo General 
920 |a Impresos - Libros 
930 |a Colección General 
905 |a 101 
901 |a 055861  |b IT1  |c ACC  |i 055861  |u 20250521 
902 |a https://opac.biblio.iteso.mx/vufind/Record/000242844